The Fight Against Child Trafficking : Breaking the Cycle of Structural Violence /

Bibliographic Details
Main Author: Narminio, Elisa, (Author)
Format: eBook
Language:English
Published: Abingdon, England : Routledge, [2023]
Series:Globalization, Europe and multilateralism.
Subjects:
Online Access:Click to View
LEADER 01911nam a2200433 i 4500
001 EBC7210689
003 MiAaPQ
005 20230524224530.0
006 m o d |
007 cr cnu||||||||
008 230524s2023 enka ob 001 0 eng d
020 |z 9781032312804  |q (print) 
020 |a 9781000845228  |q (electronic bk.) 
035 |a (MiAaPQ)EBC7210689 
035 |a (Au-PeEL)EBL7210689 
035 |a (OCoLC)1372398510 
040 |a MiAaPQ  |b eng  |e rda  |e pn  |c MiAaPQ  |d MiAaPQ 
050 4 |a HQ281  |b .N376 2023 
082 0 |a 364.1551  |2 23 
100 1 |a Narminio, Elisa,  |e author. 
245 1 4 |a The Fight Against Child Trafficking :  |b Breaking the Cycle of Structural Violence /  |c Elisa Narminio. 
264 1 |a Abingdon, England :  |b Routledge,  |c [2023] 
264 4 |c Ã2023 
300 |a 1 online resource (xxii, 361 pages) :  |b illustrations. 
336 |a text  |b txt  |2 rdacontent 
337 |a computer  |b c  |2 rdamedia 
338 |a online resource  |b cr  |2 rdacarrier 
490 1 |a Globalisation, Europe, and Multilateralism Series 
504 |a Includes bibliographical references and index. 
588 |a Description based on print version record. 
590 |a Electronic reproduction. Ann Arbor, MI : ProQuest, 2018. Available via World Wide Web. Access may be limited to ProQuest affiliated libraries. 
650 0 |a Child trafficking  |x Prevention. 
650 0 |a Child prostitution  |x Prevention. 
650 0 |a Human trafficking  |x Prevention. 
655 4 |a Electronic books. 
776 0 8 |i Print version:  |a Narminio, Elisa.  |t Fight Against Child Trafficking : Breaking the Cycle of Structural Violence.  |d Abingdon, England : Routledge, c2023   |h xxii, 361 pages   |k Globalization, Europe and multilateralism.  |z 9781032312804 
797 2 |a ProQuest (Firm) 
830 0 |a Globalization, Europe and multilateralism. 
856 4 0 |u https://ebookcentral.proquest.com/lib/matrademy/detail.action?docID=7210689  |z Click to View